00757 2200301 4500001002100000005001500021035002000036007000300056040001700059100002000076245006400096250001000160300002900170504002500199020002200224041000800246082001600254084001600270090001600286264004200302336001500344337001300359338001500372650001400387850001000401990002200411990002200433INLIS00000000001308020250326091430 a0010-0325000097ta aSBPUPADbind aWidya Ernawati: aTerampil Membuat Aneka Jus Buah Dam Sayur /cWidya Ernawati aCet.1 a62 hlm :bilus. ;c14 cm abibiliografi, hlm 62 a978-623-5703-10-7 bind 2[23]a641.2 a641.2 WID t a641.2 WID t aYogyakarta :bLebah Buku Group,c2022 2rdacontent 2rdamedia 2rdacarrier aKesehatan aPUPAD a37.718/H/DPK/2023 a37.717/H/DPK/2023